000 01787nam0a22003131 4500
001 v19\rc\1994308
005 20251118181235.4
035 _a(NLR Aleph) 005070740
090 _a7092934
_c7092934
100 _a20080811d1914 u y0rusy50 ca
101 0 _arus
102 _aRU
105 _ay aj |||||
200 1 _aНовые программы по истории
_e(Курс 1-4 кл.)
_eКонцентрич. метод преподавания
_eПрил.: I. Критико-библиогр. обзор учебников по рус. истории. II. О технике построения урока. Чтение на уроках истории Выработка курса...
_fС. Фарфоровский
210 _aПетроград
_cтип. М.И. Акинфиева
_d1914
215 _a45 с.
_d25
320 _aБиблиогр.: "Список методик, где можно найти некоторые указания о концентрическом методе" (с. 6)
464 0 _12001#$aКритико-библиографический обзор учебников по русской истории
_tКритико-библиографический обзор учебников по русской истории
464 0 _12001#$aО технике построения урока$aЧтение на уроках истории$aВыработка курса
_tВыработка курса
700 1 _aФарфоровский
_bС.В.
_f1878-
_gСергей Васильевич
801 0 _aRU
_bNLR
_gpsbo
801 0 _aRU
_bRuMoRGB
_2psbo
801 1 _aRU
_bProSoft-M
_2rusmarc
852 _aNLR
_j18.281.8.151
899 _aRuMoRGB
_jV 117/448
899 _aRuMoRGB
_jФ 1-66/4318
899 _aГПИБ
942 _cBOOK
980 _aNB